000 00477nam a2200181Ia 4500
005 20250508152739.0
008 008 250505s9999 xx 000 0 hin d
037 _aTextual
040 _aFEDL
_beng
_cFEDL
041 _ahin
_2eng
084 _aFH, VYA
_qFEDL
100 _aVyas Vinod Shankar
_9404806
245 0 _aAssi kahaniya
260 _aKashi, India
_bNagari Pracharini Sabha
300 _a399p.
942 _cTEXL
_hFH, VYA
999 _c1338472
_d1338472